000 00741nam a22002537a 4500
003 CBULib
005 20241001081111.0
008 230503b |||||||| |||| 00| 0 eng d
020 _a9781119758129
040 _aCBULib
_cCBULIb
_bEnglish
_erda
041 _aeng
050 _aHF 5636 Lou
100 _aLoughran, Maire
245 _aFinancial accounting
_c/ by Maire Loughran
250 _a2nd edition
260 _aNew Jersey :
_bJohn Wiley & Sons,
_c2021
300 _axv, 358 pages : illustrations
336 _2rdacontent
_aText |
_btxt
337 _2rdamedia
_aUnmediated |
_bn
338 _2rdacarrier
_aVolume
_bnc
600 _2Title page
_aLOUGHRAN, MAIRE
650 _2Library of Congress
_aACCOUNTING
942 _c002
_2lcc
999 _c78244
_d78244